| Tag |
First Indicator |
Second Indicator |
Subfields |
| LEADER |
00000pam a2200000 i 4500 |
| 001 |
in00000238539 |
| 005 |
20191105112929.0 |
| 008 |
750331s1975 txua b 00110 eng d |
| 010 |
|
|
|a 75009996
|
| 020 |
|
|
|a 0890960003 :
|c $18.50
|
| 035 |
|
|
|a (OCoLC)01322881
|
| 035 |
|
|
|9 ABB2520AM
|
| 040 |
|
|
|a DLC
|c DLC
|d TXA
|d UtOrBLW
|
| 043 |
|
|
|a n-ust--
|
| 049 |
|
|
|a TXAM
|c 1 [1093980]
|a TXAS
|c 2 [txas], 3 [misc]
|
| 050 |
0 |
0 |
|a E78.S7
|b J64
|
| 082 |
0 |
|
|a 978/.004/97
|
| 100 |
1 |
|
|a John, Elizabeth Ann Harper,
|d 1928-
|
| 245 |
1 |
0 |
|a Storms brewed in other men's worlds :
|b the confrontation of Indians, Spanish, and French in the Southwest, 1540-1795 /
|c by Elizabeth A. H. John.
|
| 250 |
|
|
|a 1st ed.
|
| 264 |
|
1 |
|a College Station :
|b Texas A&M University Press,
|c [1975]
|
| 264 |
|
4 |
|c ©1975
|
| 300 |
|
|
|a xvi, 805 pages :
|b illustrations ;
|c 24 cm.
|
| 336 |
|
|
|a text
|b txt
|2 rdacontent
|
| 337 |
|
|
|a unmediated
|b n
|2 rdamedia
|
| 338 |
|
|
|a volume
|b nc
|2 rdacarrier
|
| 500 |
|
|
|a The Cushing Library/Chapman Texas Collection copy is part of the Floyd & Louise Chapman Texas & Borderlands Collection.
|5 TXA
|
| 500 |
|
|
|a The Cushing Library/Chapman Texas Collection copy is inscribed by the author and contains an invitation to a reception for the author.
|
| 500 |
|
|
|a Includes index.
|
| 504 |
|
|
|a Bibliography: pages [775]-781.
|
| 536 |
|
|
|a Donated by the estate of John Paul & Virginia Burns Abbott, June, 1996.
|
| 650 |
|
0 |
|a Indians of North America
|z Southwest, New
|x History.
|
| 650 |
|
0 |
|a Indians of North America
|x Government relations
|y To 1789.
|
| 651 |
|
0 |
|a Southwest, New
|x History
|y To 1848.
|
| 999 |
|
|
|a MARS
|
| 999 |
f |
f |
|s f7967f23-6cc4-3de2-83ae-55505d55e89c
|i 3da58c86-6f6e-3e46-a69e-a57dc181817a
|t 0
|
| 952 |
f |
f |
|p noncirc
|a Texas A&M University
|b College Station
|c Cushing Memorial Library & Archives
|d Cushing: Chapman Texas Collection (Does not check out)
|t 0
|e E78.S7 J64
|h Library of Congress classification
|i unmediated -- volume
|
| 952 |
f |
f |
|p noncirc
|a Texas A&M University
|b College Station
|c Cushing Memorial Library & Archives
|d Cushing: Kelsey Illustrators (Does not check out)
|t 0
|e E78.S7 J64
|h Library of Congress classification
|i unmediated -- volume
|
| 952 |
f |
f |
|p noncirc
|a Texas A&M University
|b College Station
|c Cushing Memorial Library & Archives
|d Cushing: Texas A&M Press (Does not check out)
|t 0
|e E78.S7 J64
|h Library of Congress classification
|i unmediated -- volume
|
| 952 |
f |
f |
|p normal
|a Texas A&M University
|b College Station
|c Sterling C. Evans Library
|d Evans: Library Stacks
|t 0
|e E78.S7 J64
|h Library of Congress classification
|i unmediated -- volume
|m A14827138083
|
| 952 |
f |
f |
|p noncirc
|a Texas A&M University
|b Galveston Campus
|c Jack K. Williams Library
|d Galveston Special Collections
|t 0
|e E78.S7 J64 1975
|h Library of Congress classification
|i unmediated -- volume
|m 33620001065545
|
| 952 |
f |
f |
|p normal
|a Texas A&M University
|b College Station
|c Sterling C. Evans Library
|d Evans: Library Stacks
|t 0
|e E78.S7 J64
|h Library of Congress classification
|i unmediated -- volume
|m A14817114126
|
| 952 |
f |
f |
|p normal
|a Texas A&M University
|b Galveston Campus
|c Jack K. Williams Library
|d Galveston Stacks
|t 0
|e E78.S7 J64 1975
|h Library of Congress classification
|i unmediated -- volume
|m 33620000347126
|
| 998 |
f |
f |
|a E78.S7 J64 1975
|t 0
|l Galveston Special Collections
|
| 998 |
f |
f |
|a E78.S7 J64
|t 0
|l Cushing: Texas A&M Press (Does not check out)
|
| 998 |
f |
f |
|a E78.S7 J64
|t 0
|l Cushing: Kelsey Illustrators (Does not check out)
|
| 998 |
f |
f |
|a E78.S7 J64
|t 0
|l Cushing: Chapman Texas Collection (Does not check out)
|
| 998 |
f |
f |
|a E78.S7 J64
|t 0
|l Evans: Library Stacks
|
| 998 |
f |
f |
|a E78.S7 J64 1975
|t 0
|l Galveston Stacks
|
| 998 |
f |
f |
|a E78.S7 J64
|t 0
|l Evans: Library Stacks
|